Principais personagens da Turma da Mônica - Statistics

Estatísticas Gerais
  • Esse quiz foi jogado 770 vezes
  • A pontuação média é 34 de 100
Estatísticas das Respostas
% Correto
Mônica
100%
Cebolinha
99%
Magali
99%
Cascão
98%
Franjinha
87%
Chico Bento
82%
Bidu
79%
Marina
71%
Floquinho
70%
Mingau
68%
Do Contra
66%
Xaveco
66%
Rosinha
64%
Anjinho
62%
Maria Cascuda
62%
Monicão
62%
Jeremias
60%
Sansão
60%
Titi
59%
Carminha Frufru
58%
Denise
58%
Tina
56%
Louco
55%
Seu Cebola
55%
Dudu
52%
Penadinho
52%
Zé Lelé
52%
Dona Cebola
50%
Horácio
50%
Rolo
49%
Seu Souza
49%
Chovinista
47%
Astronauta
46%
Maria Cebolinha
46%
Jotalhão
45%
Aninha
44%
Nimbus
44%
Capitão Feio
43%
Luca
41%
Dorinha
39%
Piteco
39%
Quinzinho
39%
Zé Vampir
39%
Dona Morte
37%
Nhô Lau
35%
Humberto
34%
Pipa
34%
Zeca
34%
Frank
33%
Xábeu
32%
Milena
30%
Papa-Capim
30%
Antenor de Araújo
28%
Dona Luíza
28%
Hiro
26%
Zé da Roça
26%
Bugu
25%
Cranicola
24%
Bloguinho
20%
Lurdes Marques de Araújo
19%
Zé Luís
19%
Alminha
18%
Muminho
18%
Teveluisão
18%
Thuga
18%
Zecão
15%
Seu Juca
14%
Giselda
13%
Zé Caveirinha
13%
Coelho Caolho
12%
Cafuné
11%
Dona Cotinha
11%
Manezinho
11%
Rita Najura
11%
Tonhão da Rua de Baixo
11%
Raposão
10%
Jurema
9%
Rei Leonino
9%
Ritinha
9%
Tarugo
9%
Torresmo
9%
Ursinho Bilu
9%
Pajé
8%
António Alfacinha
7%
Capitão Pitoco
7%
Lucinda
7%
Bolota
6%
Doutor Olimpo
5%
Fabinho Boa Pinta
5%
Fido
5%
Vó Dita
5%
Lorde Coelhão
4%
Tecodonte
4%
Ogra
3%
Seu Quinzão
3%
Seu Tonico
3%
Radar
2%
Rúfius
2%
Tio Glunk
2%
Dona Quinzona
1%
Nenhum quiz correspondente encontrado
Distribuição das Pontuações
Porcentagem de Pessoas com Cada Pontuação
Percentil de Números Respondidos
Sua Pontuação Histórica
Você não jogou esse quiz